| 000 | 00925nam a2200265Ia 4500 | ||
|---|---|---|---|
| 003 | OSt | ||
| 005 | 20220923214153.0 | ||
| 006 | a|||||r|||| 00| 0 | ||
| 007 | ta | ||
| 008 | 220922b |||||||| |||| 00| 0 hin d | ||
| 024 | _a167,592 | ||
| 037 | _cTextual | ||
| 040 |
_aARTS _cARTS _bhin |
||
| 041 |
_2hin _ahin |
||
| 082 | _aO152:1I00x, J4 | ||
| 100 |
_aश्यामसुन्दर दास, संपा. _9160075 |
||
| 245 | 0 | _aकबीर ग्रंथवाली | |
| 246 | _aKabīr granthavālī | ||
| 250 | _aसंस्क0 15 | ||
| 260 |
_aवाराणसी _b नागरीप्रचारिणी सभा _c1979 |
||
| 300 |
_a255 पृ. _ccm. |
||
| 490 | _aनागरी प्रचारिणी ग्रंथमाला; 33 | ||
| 942 |
_hO152:1I00x, J4 _cTEXL _2CC |
||
| 999 |
_c322062 _d322062 |
||